| 000 | 00504nam a2200169Ia 4500 | ||
|---|---|---|---|
| 999 |
_c20972 _d20972 |
||
| 003 | OSt | ||
| 005 | 20200629095452.0 | ||
| 008 | 190216s9999||||xx |||||||||||||| ||und|| | ||
| 040 | _coclc | ||
| 082 |
_a954.83 _bKUR/S |
||
| 100 |
_aKurup, K K N _91879 _d1939- author. |
||
| 245 | 0 |
_aSamooham Charithram Samskaram / _cK K N Kurup |
|
| 260 |
_bCalicut University Central Co-Operative, _c1999. |
||
| 300 | _a90p | ||
| 650 | _aHistory | ||
| 942 |
_cBK _2ddc _h954.83 _iKUR/S _k954.83 _mKUR/S |
||